000
00286nam a22001217a 4500
082
_a
306.0954 CCA
100
_a
CCA ASIA MISSION CONFERENCE
245
_a
Turn Around
260
_a
korea
_b
CCA ASIA MISSION CONFERENCE
_c
1995
300
_a
198
650
_a
Pluralisim - Asia
942
_c
BK
999
_c
20257
_d
20257